| 000 | 00494cam a2200193ua 4500 | ||
|---|---|---|---|
| 001 | 10505 | ||
| 005 | 20260515114630.0 | ||
| 008 | 190312n xxk |||gr||||Z||||||eng | ||
| 020 | _a9780415791540 | ||
| 040 | _cMAIN | ||
| 082 | _a301 | ||
| 100 |
_aT B Bottomore, _eAuthor. |
||
| 245 |
_aMAIN _ba guide to problems and literature |
||
| 250 | _a1st/rep. | ||
| 260 |
_aNew York: _broutledge taylor & francis group, _c2017. |
||
| 300 | _a330p. | ||
| 653 | _aSociology & anthropology | ||
| 942 | _cBK | ||
| 999 |
_c9479 _d9479 |
||